Oh Montserrat ! / guió i fotografies: Jordi Olavarrieta ; pròleg: Cassià M. Just ; textos: 'Això és Montserrat' / Antoni Pladevall Jordi Olavarrieta ; pròleg:
Descripción Física:
311 p. : principalment il., col. ; 33 cm
Materias:
Montserrat
MARC
| LEADER | 00000nam a2200000Ia 4500 | ||
|---|---|---|---|
| 001 | 9518 | ||
| 003 | BGR | ||
| 005 | 20260324175314.0 | ||
| 008 | 160829s1991 xx 000 0 cat d | ||
| 080 | |a FOL-1-33 | ||
| 100 | |a Olavarrieta, Jordi |9 25854 | ||
| 245 | |a Oh Montserrat ! / guió i fotografies: |b Jordi Olavarrieta ; pròleg: |b Cassià M. Just ; textos: |b 'Això és Montserrat' / Antoni Pladevall | ||
| 260 | |a Barcelona : |b Fundació Caixa de Manresa : |b Diputació de Barcelona : |b Agfa : |b [et al], |c 1991 | ||
| 300 | |a 311 p. : |b principalment il., col. ; |c 33 cm | ||
| 650 | |a Montserrat |9 25855 | ||
| 700 | 1 | |a Just, Cassià M. |9 25856 | |
| 700 | 1 | |a Pladevall i Font, Antoni, |d 1934- |9 52806 | |
| 710 | 1 | |a Barcelona (Catalunya : Província). |b Diputació |9 52408 | |
| 710 | 2 | |a Fundació Caixa de Manresa |9 70133 | |
| 901 | |a Arxiu | ||
| 942 | |n 1 |2 udc |c MON | ||
| 952 | |0 0 |1 0 |4 0 |6 FOL133 |7 1 |9 43816 |a Arxiu |b Arxiu |d 2016-12-01 |l 0 |o FOL-1-33 |p 9518 |r 2016-12-01 00:00:00 |w 2016-12-01 |y ARXIU | ||
| 999 | |c 46365 |d 46365 | ||